Systémové zmeny v globálnej ekonomike (vplyv outsourcingu, offshoringu a ďalších kvalitatívnych faktorov) diplomová práca

Gespeichert in:
Bibliographische Detailangaben
1. Verfasser: Šimičáková, Zuzana
Körperschaft: Národohospodárska fakulta EU. Katedra bankovníctva a medzinárodných financií
Weitere Verfasser: Ivanová, Pavlína
Format: Buch
Sprache:Slowakisch
Veröffentlicht: Bratislava 2015
Tags: Tag hinzufügen
Keine Tags, Fügen Sie das erste Tag hinzu!

MARC

LEADER 00000nbm a2200000 4500
001 0202392
005 20161212095035.8
041 0 |a slo 
044 |a SK 
245 1 0 |a Systémové zmeny v globálnej ekonomike (vplyv outsourcingu, offshoringu a ďalších kvalitatívnych faktorov)  |b diplomová práca  |c Zuzana Šimičáková ; školiteľ: Pavlína Ivanová 
264 1 |a Bratislava  |c 2015 
300 |a 67 s. 
100 1 |a Šimičáková, Zuzana 
700 1 |a Ivanová, Pavlína 
710 2 |a Národohospodárska fakulta EU. Katedra bankovníctva a medzinárodných financií